Primer of college mathematics

Salvato in:
Dettagli Bibliografici
Autore principale: Randolph, John F
Natura: Libro
Lingua:Undetermined
Pubblicazione: New York MacMillan 1950
Soggetti:
Tags: Aggiungi Tag
Nessun Tag, puoi essere il primo ad aggiungerne! !
Thư viện lưu trữ: Trung tâm Học liệu Trường Đại học Cần Thơ
LEADER 00513nam a2200193Ia 4500
001 CTU_43960
008 210402s9999 xx 000 0 und d
082 |a 510 
082 |b R194 
100 |a Randolph, John F 
245 0 |a Primer of college mathematics 
245 0 |c John F. Randolph 
260 |a New York 
260 |b MacMillan 
260 |c 1950 
650 |a Mathematics 
650 |x Study and teaching ( secondary ) 
904 |i Minh,Hải 
980 |a Trung tâm Học liệu Trường Đại học Cần Thơ